00554nam a2200169 a 450000100100000000500170001000800410002704000250006808200080009310000290010124500440013025000120017426000520018630000210023895201080025999900170036700004018820201002033954.0130814s1973 ag 000 0 spa d aDO-SdBNPbspacBNPHU axxx1 aCortázar, Julio92278214aLas armas secretas /cJulio Cortazár. a13a ed. aBuenos Aires, Argentina :bSudamericana,c1973. a221 p. ;c18 cm. 001050718MOaGRbGRcCTd2013-08-14iLF1l0oxxx p40188-10r2020-06-25w2020-06-25y1ZNo se presta c39678d39678